MARC

LEADER 00000nam0a2200000 4500
001 106076
005 20231031114744.0
035 |a (RuTPU)RU\TPU\book\114471 
090 |a 106076 
100 |a 20061130d1978 km y0rusy50 ca 
101 0 |a rus 
102 |a RU 
105 |a a z 001zy 
200 1 |a Природная проницаемость угольных пластов и методы ее определения  |f С. В. Кузнецов, Р. Н. Кригман  |g Академия Наук СССР; Институт проблем комплексного освоения недр 
210 |a Москва  |c Наука  |d 1978 
215 |a 122 с.  |c ил. 
320 |a Библиогр.: с. 114-120. 
610 1 |a горное дело 
610 1 |a угольные пласты 
610 1 |a газопроницаемость 
610 1 |a газ 
610 1 |a фильтрация 
610 1 |a пористые среды 
610 1 |a натуральные измерения 
610 1 |a расчет 
610 1 |a Донбасс 
675 |a 622.333:622.411.3  |v 3 
700 1 |a Кузнецов  |b С. В.  |g Сергей Васильевич 
701 1 |a Кригман  |b Р. Н.  |g Раиса Наумовна 
712 0 2 |a Академия наук СССР (АН СССР)  |b Институт проблем комплексного освоения недр (ИПКОН)  |c (Москва)  |2 stltpush  |3 (RuTPU)RU\TPU\col\13567 
801 1 |a RU  |b 63413507  |c 20061130  |g PSBO 
801 2 |a RU  |b 63413507  |c 20081117  |g PSBO 
942 |c BK